[Event "Seniorenkampioenschap 2011"]
[Site "Oosterbeek"]
[Date "2011.07.09"]
[Round "1"]
[White "Berg, Ad van den"]
[Black "Landsbergen, Ron"]
[Result "1-0"]
[WhiteElo "2245"]
[BlackElo "1991"]
[PlyCount "43"]
[EventDate "2011.??.??"]
[EventCountry "NED"]

1. e4 c5 2. Nf3 e6 3. b3 Nf6 4. e5 Nd5 5. Bb2 Nc6 6. Bb5 Qc7 7. O-O b6 8. Re1
Bb7 9. Bf1 d6 10. Na3 dxe5 11. Nxe5 a6 12. Nxc6 Qxc6 13. Nc4 Nf4 14. Qg4 Ng6
15. Bd3 O-O-O 16. Be4 Qc7 17. a4 Kb8 18. Bxg6 hxg6 19. Be5 Bd6 20. Bxd6 Rxd6
21. Nxd6 Qxd6 22. Qg3 1-0

[Event "Seniorenkampioenschap 2011"]
[Site "Oosterbeek"]
[Date "2011.07.09"]
[Round "1"]
[White "Mostertman, Loek"]
[Black "Schouten, Nico"]
[Result "1-0"]
[WhiteElo "1990"]
[BlackElo "2187"]
[PlyCount "81"]
[EventDate "2011.??.??"]
[EventCountry "NED"]

1. e4 e5 2. Nf3 Nc6 3. Bb5 a6 4. Ba4 Nf6 5. Qe2 d6 6. c3 Be7 7. O-O O-O 8. Rd1
Bd7 9. Bc2 Bg4 10. d3 Nd7 11. Nbd2 f5 12. h3 fxe4 13. hxg4 exf3 14. Nxf3 Qe8
15. d4 exd4 16. cxd4 Bf6 17. Qd3 g6 18. Bb3+ Kh8 19. Bh6 Bg7 20. Bxg7+ Kxg7 21.
Ng5 Qe7 22. Ne6+ Kh8 23. Nxf8 Rxf8 24. Qe3 Qg7 25. Rac1 Nb6 26. Rd2 a5 27. a4
Nb4 28. Re1 N4d5 29. Qg5 h6 30. Qh4 g5 31. Qh3 Qf6 32. Bc2 Nf4 33. Qe3 d5 34.
Qe7 Rf7 35. Qxf6+ Rxf6 36. Re8+ Kg7 37. b3 Nd7 38. Bf5 Nf8 39. g3 N4e6 40. Re7+
Rf7 41. Rxe6 1-0

[Event "Seniorenkampioenschap 2011"]
[Site "Oosterbeek"]
[Date "2011.07.09"]
[Round "1"]
[White "Homs, Guust"]
[Black "Monte, Peter"]
[Result "0-1"]
[WhiteElo "2156"]
[BlackElo "1987"]
[PlyCount "96"]
[EventDate "2011.??.??"]
[EventCountry "NED"]

1. e4 e6 2. d4 d5 3. Nd2 c5 4. exd5 exd5 5. Ngf3 Nf6 6. Bb5+ Bd7 7. Qe2+ Be7 8.
dxc5 O-O 9. Nb3 Re8 10. O-O Bxc5 11. Qd3 Bb6 12. Bg5 a6 13. Bxf6 Qxf6 14. Bxd7
Nxd7 15. c3 Rad8 16. Rae1 Rxe1 17. Rxe1 Nf8 18. Re5 Ne6 19. Rxd5 Rxd5 20. Qxd5
Qg6 21. Qd2 Qb1+ 22. Qc1 Qxa2 23. Nbd4 Nxd4 24. Nxd4 g6 25. g3 Qd5 26. Qf4 Kg7
27. Nf3 f6 28. Nd2 g5 29. Qe4 Bxf2+ 30. Kxf2 Qxd2+ 31. Kf3 Qd1+ 32. Kf2 Qd7 33.
h4 gxh4 34. Qxh4 Qd2+ 35. Kf3 Qd5+ 36. Kf2 b5 37. Qf4 h5 38. Qc7+ Kg6 39. b4
Qe5 40. Qc6 Kg5 41. Kg2 Qe2+ 42. Kh3 Qf1+ 43. Kh2 Qf2+ 44. Kh3 Qf5+ 45. Kg2 Kg4
46. Qc7 Qf3+ 47. Kh2 Qf2+ 48. Kh1 Kh3 0-1

[Event "Seniorenkampioenschap 2011"]
[Site "Oosterbeek"]
[Date "2011.07.09"]
[Round "1"]
[White "Caljé, Tom"]
[Black "Vlam, Horatio"]
[Result "0-1"]
[WhiteElo "1985"]
[BlackElo "2144"]
[PlyCount "62"]
[EventDate "2011.??.??"]
[EventCountry "NED"]

1. d4 g6 2. e4 Bg7 3. Nc3 d6 4. Bg5 c6 5. Bc4 Nf6 6. Bb3 O-O 7. Qd2 b5 8. f3
Nbd7 9. a4 b4 10. Nd1 c5 11. d5 Ba6 12. Ne3 Rc8 13. Bc4 Bxc4 14. Nxc4 Nb6 15.
Nxb6 Qxb6 16. a5 Qa6 17. Bh6 Bxh6 18. Qxh6 Qc4 19. Qd2 e6 20. dxe6 Qxe6 21. Ne2
d5 22. exd5 Nxd5 23. Kf2 Rcd8 24. Rhe1 Qf6 25. Qc1 Rfe8 26. Ng3 Qd4+ 27. Kf1
Ne3+ 28. Rxe3 Rxe3 29. Ne4 Qc4+ 30. Kg1 Re2 31. Nf6+ Kh8 0-1

[Event "Seniorenkampioenschap 2011"]
[Site "Oosterbeek"]
[Date "2011.07.09"]
[Round "1"]
[White "Lanen, Toon van"]
[Black "Urk, Auke van"]
[Result "1/2-1/2"]
[WhiteElo "2128"]
[BlackElo "1972"]
[PlyCount "35"]
[EventDate "2011.??.??"]
[EventCountry "NED"]

1. e4 e5 2. Nf3 Nc6 3. d4 exd4 4. Nxd4 Bc5 5. Be3 Qf6 6. c3 Nge7 7. g3 d6 8.
Bg2 O-O 9. O-O Qg6 10. Nxc6 Nxc6 11. Bxc5 dxc5 12. Qd5 b6 13. Na3 Ba6 14. Rfd1
Rad8 15. Qb3 Bd3 16. Re1 a6 17. c4 Rd4 18. Rad1 1/2-1/2

[Event "Seniorenkampioenschap 2011"]
[Site "Oosterbeek"]
[Date "2011.07.09"]
[Round "1"]
[White "Vreugdenhil, Frans"]
[Black "Leeuwen, Etienne van"]
[Result "1/2-1/2"]
[WhiteElo "1969"]
[BlackElo "2072"]
[PlyCount "31"]
[EventDate "2011.??.??"]
[EventCountry "NED"]

1. e4 d5 2. exd5 Nf6 3. d4 Nxd5 4. c4 Nb6 5. Nc3 e5 6. Nf3 Bg4 7. Be3 Bxf3 8.
Qxf3 exd4 9. Qe4+ Qe7 10. Bxd4 Qxe4+ 11. Nxe4 Nc6 12. O-O-O Nxd4 13. Rxd4 c5
14. Rd1 Be7 15. Be2 Rd8 16. Rxd8+ 1/2-1/2

[Event "Seniorenkampioenschap 2011"]
[Site "Oosterbeek"]
[Date "2011.07.09"]
[Round "1"]
[White "Vosselman, Jan"]
[Black "Plijter, Martin"]
[Result "0-1"]
[WhiteElo "2064"]
[BlackElo "1926"]
[PlyCount "58"]
[EventDate "2011.??.??"]
[EventCountry "NED"]

1. d4 Nf6 2. c4 g6 3. Nc3 d5 4. Bf4 Bg7 5. e3 O-O 6. cxd5 Nxd5 7. Nxd5 Qxd5 8.
Bxc7 Na6 9. Bxa6 bxa6 10. Nf3 Bf5 11. O-O Rac8 12. Bg3 Bc2 13. Qe2 Rc6 14. Rfc1
Rfc8 15. Ne1 Ba4 16. Rxc6 Rxc6 17. b3 Bb5 18. Qd2 Rc8 19. Rc1 Rxc1 20. Qxc1 h5
21. h4 Kh7 22. Qc7 Qe4 23. Kh2 Bxd4 24. Nf3 Bf6 25. Qxa7 Be2 26. Ng1 Bf1 27.
Nf3 Be2 28. Ng5+ Bxg5 29. hxg5 Bf1 0-1

[Event "Seniorenkampioenschap 2011"]
[Site "Oosterbeek"]
[Date "2011.07.09"]
[Round "1"]
[White "Peut, Aart van de"]
[Black "Etmans, Maarten"]
[Result "0-1"]
[WhiteElo "1925"]
[BlackElo "2037"]
[PlyCount "76"]
[EventDate "2011.??.??"]
[EventCountry "NED"]

1. e4 g6 2. Nc3 e5 3. Bc4 Bg7 4. d3 Nf6 5. Bg5 d6 6. Qd2 h6 7. Be3 Ng4 8. O-O-O
Nxe3 9. fxe3 c6 10. d4 Qe7 11. Nf3 Nd7 12. Rhf1 O-O 13. Qf2 b5 14. Bd3 b4 15.
Ne2 a5 16. h4 Nb6 17. h5 Be6 18. d5 Bd7 19. Ng3 c5 20. Nd2 a4 21. Nc4 Nxc4 22.
Bxc4 Qg5 23. Be2 Rac8 24. Bf3 c4 25. Kb1 a3 26. b3 cxb3 27. cxb3 Rc3 28. Rfe1
Rfc8 29. Rc1 Bb5 30. Be2 Rxc1+ 31. Rxc1 Rxc1+ 32. Kxc1 Bxe2 33. Nxe2 Qxh5 34.
Qe1 Qg4 35. Qxb4 Qxe2 36. Qxa3 Qxe3+ 37. Kd1 Bf8 38. Qb4 Qg1+ 0-1

[Event "Seniorenkampioenschap 2011"]
[Site "Oosterbeek"]
[Date "2011.07.09"]
[Round "1"]
[White "Klein, Ron"]
[Black "Duijker, Bert"]
[Result "1-0"]
[WhiteElo "2035"]
[BlackElo "1918"]
[PlyCount "73"]
[EventDate "2011.??.??"]
[EventCountry "NED"]

1. d4 g6 2. Bg5 Bg7 3. e3 d6 4. f4 c5 5. c3 cxd4 6. exd4 Nf6 7. Nd2 O-O 8. Bd3
h6 9. Bxf6 Bxf6 10. Ne4 e5 11. fxe5 dxe5 12. Qf3 Bg7 13. dxe5 Bxe5 14. O-O-O
Qc7 15. Nf6+ Bxf6 16. Qxf6 Qc6 17. Qf2 Na6 18. Nf3 Qc5 19. Qh4 Bf5 20. Bxf5
Qxf5 21. Qxh6 Nb4 22. Nd4 Nxa2+ 23. Kd2 Qf2+ 24. Kd3 Qxb2 25. Qd2 Qa3 26. Ra1
Nb4+ 27. Ke2 Rae8+ 28. Kf3 Na2 29. Rxa2 Qc5 30. Kf2 Re4 31. Re1 Rfe8 32. Rxe4
Rxe4 33. Qd3 Qe5 34. Qg3 Qd5 35. Rxa7 Re6 36. Ra8+ Kh7 37. Qf3 1-0

[Event "Seniorenkampioenschap 2011"]
[Site "Oosterbeek"]
[Date "2011.07.09"]
[Round "1"]
[White "Montsma, Foppe-Jan"]
[Black "Visser, Gerrit"]
[Result "0-1"]
[WhiteElo "1914"]
[BlackElo "2022"]
[PlyCount "48"]
[EventDate "2011.??.??"]
[EventCountry "NED"]

1. Nc3 d5 2. e4 d4 3. Nce2 g6 4. Ng3 Bg7 5. Nf3 h5 6. h4 Bg4 7. Be2 Nc6 8. d3
Qd6 9. Bd2 Nh6 10. Nh2 Be5 11. Ngf1 Be6 12. Qc1 Ng4 13. f4 Bg7 14. Nxg4 hxg4
15. c4 dxc3 16. bxc3 f5 17. e5 Qd7 18. Ne3 Nxe5 19. fxe5 Bxe5 20. Kf1 f4 21.
Nd1 Rf8 22. d4 f3 23. gxf3 gxf3 24. Bd3 Bh3+ 0-1

[Event "Seniorenkampioenschap 2011"]
[Site "Oosterbeek"]
[Date "2011.07.09"]
[Round "1"]
[White "Broekman, Willem"]
[Black "Wille, Ruud"]
[Result "1/2-1/2"]
[WhiteElo "2018"]
[BlackElo "1911"]
[PlyCount "116"]
[EventDate "2011.??.??"]
[EventCountry "NED"]

1. d4 Nf6 2. c4 g6 3. f3 d5 4. cxd5 Nxd5 5. e4 Nb6 6. Nc3 Bg7 7. Be3 O-O 8. Qd2
e6 9. h4 Nc6 10. O-O-O Qe7 11. h5 Rd8 12. hxg6 hxg6 13. Qf2 Na5 14. Nh3 Nbc4
15. Bg5 f6 16. Be3 Nxe3 17. Qxe3 Bd7 18. Nf4 Kf7 19. Bd3 Rh8 20. Nfe2 a6 21. e5
f5 22. g4 b5 23. Ng3 Nc4 24. Bxc4 bxc4 25. Kb1 Rab8 26. Qe2 Qb4 27. Rxh8 Rxh8
28. f4 Rh3 29. Qg2 Rh4 30. gxf5 gxf5 31. Nge2 Qe7 32. d5 Bh6 33. d6 cxd6 34.
exd6 Qd8 35. Rh1 Rxh1+ 36. Qxh1 Bg7 37. Qb7 Qc8 38. Qc7 Bf8 39. Na4 Qxc7 40.
dxc7 Bd6 41. Nb6 Ke8 42. c8=Q+ Bxc8 43. Nxc8 Bc7 44. Kc2 Kd7 45. Nd4 Kxc8 46.
Nxe6 Bd6 47. Nd4 Bxf4 48. Nxf5 Kc7 49. Nh4 Kc6 50. Nf3 Kc5 51. Nd2 Be5 52. Nb1
Bg7 53. a3 Bf6 54. Nc3 Be5 55. Na2 a5 56. Nc1 Bg7 57. Ne2 Be5 58. Nc3 Bg7
1/2-1/2

[Event "Seniorenkampioenschap 2011"]
[Site "Oosterbeek"]
[Date "2011.07.09"]
[Round "1"]
[White "Olof, Erik"]
[Black "Jonkman, Fokke"]
[Result "0-1"]
[WhiteElo "1906"]
[BlackElo "2009"]
[PlyCount "64"]
[EventDate "2011.??.??"]
[EventCountry "NED"]

1. e4 c5 2. c3 e6 3. d4 d5 4. e5 Nc6 5. Nf3 Qb6 6. dxc5 Bxc5 7. Qc2 a5 8. Bd3
h6 9. h4 Bd7 10. a4 Nge7 11. O-O O-O 12. Na3 f6 13. Bf4 fxe5 14. Nxe5 Be8 15.
Bh2 Nxe5 16. Bxe5 Nc6 17. Bg3 Ne7 18. Nb5 Bxb5 19. Bxb5 Nf5 20. Qd3 Rf7 21.
Rae1 Raf8 22. Re2 Nxg3 23. Qxg3 e5 24. Qxe5 Bxf2+ 25. Kh1 Qd8 26. Qe6 Qxh4+ 27.
Qh3 Rf4 28. Bd7 Qg5 29. Qd3 Bg3 30. Rxf4 Qxf4 31. Qxd5+ Kh8 32. Rd2 Qf1# 0-1

[Event "Seniorenkampioenschap 2011"]
[Site "Oosterbeek"]
[Date "2011.07.10"]
[Round "2"]
[White "Visser, Gerrit"]
[Black "Berg, Ad van den"]
[Result "1-0"]
[WhiteElo "2022"]
[BlackElo "2245"]
[PlyCount "73"]
[EventDate "2011.??.??"]
[EventCountry "NED"]

1. d4 d6 2. Nf3 Nd7 3. e4 e5 4. Nc3 Ngf6 5. Be2 Be7 6. O-O O-O 7. h3 c6 8. Be3
a6 9. a4 b6 10. d5 c5 11. Nd2 Ne8 12. Nc4 Qc7 13. Qd2 Rb8 14. Rfb1 g6 15. Bh6
Ng7 16. f4 exf4 17. Bxf4 f6 18. Bg4 Ne5 19. Bxe5 fxe5 20. Bxc8 Rbxc8 21. Rf1
Nh5 22. Ne2 Bh4 23. Qe3 Rce8 24. g3 Be7 25. Kg2 Qd8 26. Rxf8+ Rxf8 27. Rf1 Rxf1
28. Kxf1 b5 29. axb5 axb5 30. Na3 Bg5 31. Qf3 Qa5 32. Qg4 Qd2 33. Nxb5 Qd1+ 34.
Kg2 Be7 35. Kf2 Nf6 36. Qe6+ Kf8 37. Nxd6 1-0

[Event "Seniorenkampioenschap 2011"]
[Site "Oosterbeek"]
[Date "2011.07.10"]
[Round "2"]
[White "Vlam, Horatio"]
[Black "Jonkman, Fokke"]
[Result "1-0"]
[WhiteElo "2144"]
[BlackElo "2009"]
[PlyCount "99"]
[EventDate "2011.??.??"]
[EventCountry "NED"]

1. c4 c5 2. Nc3 g6 3. Nf3 Bg7 4. g3 Nc6 5. Bg2 e6 6. O-O Nge7 7. e3 O-O 8. d4
cxd4 9. exd4 d5 10. cxd5 exd5 11. Be3 Be6 12. Qd2 Nf5 13. Rad1 Qd7 14. Ne5 Nxe5
15. dxe5 Bxe5 16. Nxd5 Qb5 17. Bf4 Bxf4 18. Qxf4 Bxd5 19. Bxd5 Qxb2 20. Rb1 Qd4
21. Qxd4 Nxd4 22. Rxb7 Ne2+ 23. Kg2 Nc3 24. Bb3 Ne4 25. Rc1 Nd6 26. Rd7 Ne8 27.
Re1 Nf6 28. Rc7 Ne8 29. Rb7 Nd6 30. Rd7 Nc8 31. Rc1 Nb6 32. Rb7 Nc8 33. Rcc7
Nd6 34. Rxa7 Rab8 35. Rd7 Rb6 36. Bd5 Kg7 37. a4 Nf5 38. Bxf7 Kf6 39. Bc4 Rb2
40. Kf3 h5 41. h4 Nd6 42. Bd3 Ke6+ 43. Ke3 Rbxf2 44. Re7+ Kd5 45. Ra5+ Kc6 46.
Ra6+ Kd5 47. Ra5+ Kc6 48. Kd4 Rb8 49. Rc5+ Kb6 50. a5# 1-0

[Event "Seniorenkampioenschap 2011"]
[Site "Oosterbeek"]
[Date "2011.07.10"]
[Round "2"]
[White "Etmans, Maarten"]
[Black "Mostertman, Loek"]
[Result "1-0"]
[WhiteElo "2037"]
[BlackElo "1990"]
[PlyCount "69"]
[EventDate "2011.??.??"]
[EventCountry "NED"]

1. b3 e5 2. e3 d5 3. d4 Nd7 4. c4 Ngf6 5. cxd5 exd4 6. Qxd4 Bc5 7. Qh4 O-O 8.
Nf3 Nxd5 9. Qxd8 Rxd8 10. a3 N7f6 11. Nbd2 Bf5 12. Nc4 a5 13. Bd2 b6 14. Be2
Ne4 15. Nh4 Be6 16. Bf3 Nxd2 17. Nxd2 g5 18. Bxd5 Rxd5 19. Nhf3 f6 20. Ne4 Kf7
21. O-O Rad8 22. Nxc5 Rxc5 23. Nd4 Rc3 24. b4 a4 25. Rfc1 Rxc1+ 26. Rxc1 Rd7
27. b5 Bd5 28. f3 h5 29. Kf2 h4 30. h3 Ke7 31. Ke2 Kd6 32. e4 Bb7 33. Ke3 Ke5
34. Rc4 Re7 35. Rxa4 1-0

[Event "Seniorenkampioenschap 2011"]
[Site "Oosterbeek"]
[Date "2011.07.10"]
[Round "2"]
[White "Monte, Peter"]
[Black "Klein, Ron"]
[Result "0-1"]
[WhiteElo "1987"]
[BlackElo "2035"]
[PlyCount "110"]
[EventDate "2011.??.??"]
[EventCountry "NED"]

1. f4 Nf6 2. Nf3 d5 3. e3 g6 4. Be2 Bg7 5. O-O O-O 6. Qe1 c5 7. d3 Nc6 8. a4
Qc7 9. Qh4 e5 10. e4 dxe4 11. dxe4 Nd4 12. Nxd4 cxd4 13. Bd3 exf4 14. Bxf4 Qb6
15. Na3 Be6 16. Nb5 Nd7 17. b4 Ne5 18. a5 Qd8 19. Qg3 Nc4 20. Nc7 Rc8 21. a6 b6
22. Nb5 Qd7 23. Nd6 Nxd6 24. Bxd6 Rfd8 25. Bf4 Bc4 26. Bd2 Qe6 27. Rfb1 Be5 28.
Qf3 Bxd3 29. cxd3 Rc2 30. Be1 Rdc8 31. b5 Ra2 32. Rc1 Rcc2 33. Rxc2 Rxc2 34.
Qd1 Qc8 35. Bd2 Qc7 36. h3 Qc5 37. Rb1 h5 38. Bb4 Qc7 39. Bd2 Ra2 40. Rc1 Qd7
41. Rb1 Bb8 42. Be1 Qd6 43. g3 h4 44. Qg4 hxg3 45. Rc1 g2 46. Rc8+ Kg7 47. Rxb8
Qxb8 48. Bg3 Qe8 49. Qg5 f6 50. Qd5 Rb2 51. e5 Rxb5 52. exf6+ Kxf6 53. Qxd4+
Kf7 54. Qc4+ Kg7 55. Kxg2 Qe2+ 0-1

[Event "Seniorenkampioenschap 2011"]
[Site "Oosterbeek"]
[Date "2011.07.10"]
[Round "2"]
[White "Plijter, Martin"]
[Black "Lanen, Toon van"]
[Result "0-1"]
[WhiteElo "1926"]
[BlackElo "2128"]
[PlyCount "136"]
[EventDate "2011.??.??"]
[EventCountry "NED"]

1. e4 d5 2. exd5 Qxd5 3. Nc3 Qd6 4. d4 Nf6 5. Nf3 a6 6. g3 b5 7. Bg2 Bb7 8. O-O
e6 9. Qe2 Nbd7 10. Rd1 Nd5 11. Nxd5 Bxd5 12. b3 Qc6 13. Ne5 Nxe5 14. Bxd5 Qxd5
15. dxe5 Qc6 16. Bb2 Be7 17. c4 b4 18. Rd3 O-O 19. Rad1 Rfd8 20. Qd2 Kf8 21.
Bd4 a5 22. Qe3 Ke8 23. f4 g6 24. Kf2 a4 25. Qf3 Qxf3+ 26. Kxf3 axb3 27. axb3
Ra3 28. Ke2 Ra2+ 29. R1d2 Rxd2+ 30. Rxd2 c5 31. Bb2 Ra8 32. Kd1 Ra6 33. Kc2 g5
34. Kb1 gxf4 35. gxf4 Ra7 36. Kc2 Kf8 37. Rg2 Rd7 38. Rd2 Ra7 39. Rg2 Bh4 40.
Rd2 Ke8 41. Rg2 Kf8 42. Rd2 Kg7 43. Rg2+ Kh6 44. Bc1 Ra2+ 45. Bb2 f5 46. Kb1
Ra8 47. Kc2 Kh5 48. Kd3 Ra2 49. Kc2 Ra8 50. Kd3 h6 51. Rg1 Bf2 52. Rg2 Rd8+ 53.
Ke2 Bd4 54. Bc1 Ra8 55. Rg3 Ra2+ 56. Kd3 Rxh2 57. Bd2 Bf2 58. Rg7 Rh3+ 59. Ke2
Bd4 60. Re7 Rxb3 61. Rxe6 Rh3 62. Rf6 Rh2+ 63. Kd3 Kg4 64. Rg6+ Kf3 65. e6 b3
66. e7 b2 67. Rb6 Re2 68. Rb7 Rxe7 0-1

[Event "Seniorenkampioenschap 2011"]
[Site "Oosterbeek"]
[Date "2011.07.10"]
[Round "2"]
[White "Leeuwen, Etienne van"]
[Black "Broekman, Willem"]
[Result "1-0"]
[WhiteElo "2072"]
[BlackElo "2018"]
[PlyCount "131"]
[EventDate "2011.??.??"]
[EventCountry "NED"]

1. e4 e6 2. d4 d5 3. Nc3 Bb4 4. e5 c5 5. a3 Bxc3+ 6. bxc3 Ne7 7. Qg4 Kf8 8. Nf3
Qa5 9. Bd2 Qa4 10. Ra2 Nbc6 11. Bd3 Bd7 12. O-O h6 13. Qf4 Rc8 14. Rb1 Nd8 15.
Qe3 Qa5 16. c4 Qc7 17. dxc5 dxc4 18. Bxc4 Qxc5 19. Qxc5 Rxc5 20. Bd3 Rc8 21. a4
Ke8 22. Nd4 a6 23. a5 Nec6 24. Nxc6 Bxc6 25. f4 f5 26. Kf2 g5 27. g3 Rg8 28.
Rb4 Rc7 29. Be3 gxf4 30. Bxf4 Rh7 31. Ra1 Rgg7 32. h4 Rh8 33. Ke3 Rd7 34. Rd4
Bd5 35. c4 Bg2 36. Rg1 Bc6 37. Be2 Be4 38. g4 Nc6 39. Rxd7 Kxd7 40. gxf5 Bxf5
41. Rg7+ Kc8 42. Bf3 Nxa5 43. Kd4 Nb3+ 44. Kc3 Nc5 45. Be3 Rd8 46. Bxc5 Rd3+
47. Kb4 Rxf3 48. Bb6 Be4 49. Rg8+ Kd7 50. Rd8+ Ke7 51. Rh8 Kf7 52. Rxh6 Kg7 53.
Rxe6 Rf4 54. Bd8 Bc6 55. Bf6+ Kf7 56. Re7+ Kg6 57. Rg7+ Kh5 58. Rh7+ Kg6 59.
Rh8 Bd5 60. h5+ Kf7 61. Kc5 Bxc4 62. Rh7+ Kg8 63. Rg7+ Kf8 64. Rd7 Bd3 65. h6
Rc4+ 66. Kd5 1-0

[Event "Seniorenkampioenschap 2011"]
[Site "Oosterbeek"]
[Date "2011.07.10"]
[Round "2"]
[White "Urk, Auke van"]
[Black "Vreugdenhil, Frans"]
[Result "1-0"]
[WhiteElo "1972"]
[BlackElo "1969"]
[PlyCount "149"]
[EventDate "2011.??.??"]
[EventCountry "NED"]

1. e4 e5 2. Nf3 Nc6 3. d4 exd4 4. c3 d5 5. exd5 Qxd5 6. cxd4 Bb4+ 7. Nc3 Bg4 8.
Be2 Qd8 9. d5 Bxf3 10. Bxf3 Bxc3+ 11. bxc3 Ne5 12. O-O Ne7 13. Re1 Nxf3+ 14.
Qxf3 O-O 15. c4 Qd7 16. Ba3 Rfe8 17. Qc3 Ng6 18. Bb2 f6 19. Qg3 Rad8 20. h4 Kf7
21. h5 Ne7 22. Qf4 Ng8 23. g4 c6 24. g5 Qd6 25. Qf5 h6 26. dxc6 bxc6 27. g6+
Kf8 28. Qf3 Ne7 29. Rad1 Qc5 30. Ba3 Qg5+ 31. Kf1 Rxd1 32. Rxd1 Qh4 33. Rd7
Qxc4+ 34. Kg1 Qe6 35. Rxa7 Kg8 36. Bxe7 Rxe7 37. Rxe7 Qxe7 38. Qxc6 Qd8 39.
Qe6+ Kh8 40. Qc4 Qd1+ 41. Kg2 Qd7 42. a4 Qb7+ 43. Kg3 Qb8+ 44. Kf3 Qb7+ 45. Ke3
Qb6+ 46. Kd3 Qd6+ 47. Kc2 Qd7 48. a5 Qf5+ 49. Kb3 Qb1+ 50. Ka4 Qd1+ 51. Kb4
Qe1+ 52. Kb5 Qe5+ 53. Qc5 Qb8+ 54. Ka4 Qe8+ 55. Ka3 Qa8 56. Ka4 Qe4+ 57. Kb5
Qb7+ 58. Qb6 Qd5+ 59. Ka6 Qa8+ 60. Kb5 Qd5+ 61. Kb4 Qd2+ 62. Kc4 Qc1+ 63. Kd3
Qd1+ 64. Ke3 Qe1+ 65. Kf3 Qh1+ 66. Ke3 Qe1+ 67. Kd4 Qxf2+ 68. Kd5 Qf5+ 69. Kd6
Qe5+ 70. Kd7 Qd5+ 71. Kc8 Qf5+ 72. Kb7 Qd7+ 73. Kb8 Qe8+ 74. Ka7 Qd7+ 75. Qb7
1-0

[Event "Seniorenkampioenschap 2011"]
[Site "Oosterbeek"]
[Date "2011.07.10"]
[Round "2"]
[White "Wille, Ruud"]
[Black "Homs, Guust"]
[Result "1/2-1/2"]
[WhiteElo "1911"]
[BlackElo "2156"]
[PlyCount "58"]
[EventDate "2011.??.??"]
[EventCountry "NED"]

1. e4 e5 2. Nf3 Nc6 3. Bb5 a6 4. Ba4 d6 5. d3 b5 6. Bb3 Na5 7. O-O Nxb3 8. axb3
Nf6 9. Bg5 Be7 10. Nbd2 O-O 11. Qe2 c5 12. h3 h6 13. Be3 Qc7 14. c4 Bb7 15. Nh2
Nd7 16. Qh5 Nf6 17. Qe2 Kh7 18. Ng4 Nxg4 19. hxg4 g6 20. g3 Qd7 21. f3 Kg7 22.
Rf2 Rh8 23. Rh2 Rh7 24. Kf2 Rah8 25. Rah1 Bc8 26. Nf1 Qb7 27. Qd2 g5 28. Qc3
Kg6 29. Bd2 Be6 1/2-1/2

[Event "Seniorenkampioenschap 2011"]
[Site "Oosterbeek"]
[Date "2011.07.10"]
[Round "2"]
[White "Schouten, Nico"]
[Black "Peut, Aart van de"]
[Result "1/2-1/2"]
[WhiteElo "2187"]
[BlackElo "1925"]
[PlyCount "42"]
[EventDate "2011.??.??"]
[EventCountry "NED"]

1. d4 Nf6 2. c4 e6 3. Nc3 Bb4 4. e3 c5 5. Nf3 O-O 6. Be2 d5 7. O-O cxd4 8. exd4
dxc4 9. Ne5 Nd5 10. Qc2 Nd7 11. Nxc4 N7f6 12. Bg5 h6 13. Bh4 Be7 14. Bg3 Bd7
15. Rfd1 Bc6 16. Ne5 Rc8 17. Nxc6 Rxc6 18. Bf3 Bd6 19. Bxd6 Qxd6 20. Qd2 Rfc8
21. Nb5 Qb8 1/2-1/2

[Event "Seniorenkampioenschap 2011"]
[Site "Oosterbeek"]
[Date "2011.07.10"]
[Round "2"]
[White "Duijker, Bert"]
[Black "Vosselman, Jan"]
[Result "1-0"]
[WhiteElo "1918"]
[BlackElo "2064"]
[PlyCount "25"]
[EventDate "2011.??.??"]
[EventCountry "NED"]

1. Nf3 d5 2. g3 c6 3. b3 Bg4 4. Bg2 Nd7 5. d4 e6 6. O-O f5 7. c4 Ngf6 8. Ng5
Qe7 9. Ba3 c5 10. dxc5 Ne4 11. Nxe4 dxe4 12. c6 Nc5 13. Bxc5 1-0

[Event "Seniorenkampioenschap 2011"]
[Site "Oosterbeek"]
[Date "2011.07.10"]
[Round "2"]
[White "Landsbergen, Ron"]
[Black "Montsma, Foppe-Jan"]
[Result "1-0"]
[WhiteElo "1991"]
[BlackElo "1914"]
[PlyCount "27"]
[EventDate "2011.??.??"]
[EventCountry "NED"]

1. d4 Nf6 2. Nf3 d5 3. Bf4 c5 4. c3 Qb6 5. Qb3 Nc6 6. e3 c4 7. Qc2 Bf5 8. Qc1
h6 9. Nbd2 Rc8 10. Ne5 Nh5 11. Be2 Nxf4 12. exf4 e6 13. O-O f6 14. Bh5+ 1-0

[Event "Seniorenkampioenschap 2011"]
[Site "Oosterbeek"]
[Date "2011.07.10"]
[Round "2"]
[White "Olof, Erik"]
[Black "Caljé, Tom"]
[Result "1/2-1/2"]
[WhiteElo "1906"]
[BlackElo "1985"]
[PlyCount "28"]
[EventDate "2011.??.??"]
[EventCountry "NED"]

1. e4 e6 2. c4 d5 3. exd5 exd5 4. d4 Nf6 5. Nf3 Be7 6. Be2 O-O 7. O-O c6 8. Nc3
dxc4 9. Bxc4 Bg4 10. Be3 Nbd7 11. h3 Bh5 12. g4 Bg6 13. Ne5 Nb6 14. Bb3 Nfd5
1/2-1/2

[Event "Seniorenkampioenschap 2011"]
[Site "Oosterbeek"]
[Date "2011.07.11"]
[Round "3"]
[White "Klein, Ron"]
[Black "Vlam, Horatio"]
[Result "1-0"]
[WhiteElo "2035"]
[BlackElo "2144"]
[PlyCount "103"]
[EventDate "2011.??.??"]
[EventCountry "NED"]

1. d4 Nf6 2. Bg5 Ne4 3. Bh4 g6 4. f3 Nf6 5. e4 d6 6. Nc3 c6 7. Qd2 Bg7 8. Bg5
O-O 9. Bh6 Bxh6 10. Qxh6 Qa5 11. h4 b5 12. Qd2 Nbd7 13. Nge2 c5 14. h5 Bb7 15.
hxg6 fxg6 16. d5 b4 17. Nd1 c4 18. Nd4 Rac8 19. Ne6 Rf7 20. Ne3 c3 21. bxc3
bxc3 22. Qc1 Ne5 23. Rb1 Ba6 24. Bxa6 Qxa6 25. Rb3 Qxa2 26. Ra3 Qb2 27. Qxb2
cxb2 28. Rb3 Nfd7 29. Rxb2 Nc5 30. Ra2 Nxe6 31. dxe6 Rf6 32. Rxa7 Rxe6 33. Kd2
Nc4+ 34. Nxc4 Rxc4 35. Rb1 Kf7 36. Kd3 Rc5 37. c4 Rg5 38. Rb2 h5 39. Ke3 Rc5
40. Kd3 g5 41. Rb5 Ree5 42. Raa5 Rxb5 43. Rxb5 Ke6 44. Kd4 Rxb5 45. cxb5 Kd7
46. e5 Ke6 47. exd6 Kxd6 48. Ke4 g4 49. fxg4 hxg4 50. Kf4 Kc5 51. Kxg4 Kxb5 52.
Kf5 1-0

[Event "Seniorenkampioenschap 2011"]
[Site "Oosterbeek"]
[Date "2011.07.11"]
[Round "3"]
[White "Visser, Gerrit"]
[Black "Etmans, Maarten"]
[Result "1/2-1/2"]
[WhiteElo "2022"]
[BlackElo "2037"]
[PlyCount "109"]
[EventDate "2011.??.??"]
[EventCountry "NED"]

1. d4 Nf6 2. c4 e6 3. Nf3 Bb4+ 4. Nc3 c5 5. a3 Bxc3+ 6. bxc3 Qa5 7. Bd2 b6 8.
e3 Bb7 9. Bd3 d6 10. d5 e5 11. Nh4 e4 12. Bc2 Bc8 13. f4 Qa6 14. Qe2 O-O 15. h3
Re8 16. g4 Kh8 17. Kf2 Ng8 18. a4 Qb7 19. Kg2 Qe7 20. Qf2 g6 21. Kh2 Nd7 22.
Rhg1 Nf8 23. Be1 h6 24. Bd1 Nh7 25. Qf1 Rf8 26. Rc1 Bd7 27. Bg3 a6 28. Rg2 Rab8
29. Rb2 Rb7 30. Rcb1 Rfb8 31. Qe1 Kg7 32. a5 b5 33. cxb5 Rxb5 34. Rxb5 Rxb5 35.
Rxb5 Bxb5 36. c4 Bd7 37. Qc3+ Qf6 38. Qxf6+ Nhxf6 39. g5 Ne8 40. Be1 Kf8 41.
Bc3 hxg5 42. fxg5 Ne7 43. Kg3 Ng7 44. Bxg7+ Kxg7 45. Bg4 Ba4 46. Kf4 Bb3 47.
Be2 Bc2 48. Kg3 f6 49. gxf6+ Kxf6 50. Ng2 Nf5+ 51. Kf2 g5 52. Ke1 Ng3 53. Kd2
Bb3 54. Kc3 Ba4 55. Bg4 1/2-1/2

[Event "Seniorenkampioenschap 2011"]
[Site "Oosterbeek"]
[Date "2011.07.11"]
[Round "3"]
[White "Lanen, Toon van"]
[Black "Leeuwen, Etienne van"]
[Result "0-1"]
[WhiteElo "2128"]
[BlackElo "2072"]
[PlyCount "106"]
[EventDate "2011.??.??"]
[EventCountry "NED"]

1. e4 e5 2. Nf3 Nc6 3. d4 exd4 4. Nxd4 Bc5 5. Be3 Qf6 6. c3 Nge7 7. g3 d5 8.
Bg2 Bxd4 9. Bxd4 Nxd4 10. cxd4 dxe4 11. Nc3 c6 12. Nxe4 Qg6 13. O-O O-O 14. Qb3
Rd8 15. Rad1 b6 16. Nc3 Be6 17. d5 cxd5 18. Nxd5 Nxd5 19. Bxd5 Bxd5 20. Rxd5
Rd6 21. Rxd6 Qxd6 22. Rd1 Qc7 23. Qd5 Rc8 24. h4 g6 25. h5 Qc5 26. Qxc5 Rxc5
27. h6 Kf8 28. Rd8+ Ke7 29. Rh8 Kf6 30. Kg2 g5 31. Rxh7 Rc8 32. Kf3 Re8 33. b3
Kg6 34. Rg7+ Kf6 35. Kg4 Re4+ 36. Kh5 Re2 37. Rxg5 Rxf2 38. Kg4 Rd2 39. h7 Rh2
40. Rf5+ Kg6 41. Rg5+ Kxh7 42. Rh5+ Rxh5 43. Kxh5 f6 44. b4 b5 45. Kg4 Kg6 46.
Kf4 Kf7 47. Ke4 Ke6 48. Kf4 f5 49. Kg5 Ke5 50. Kh4 f4 51. g4 Ke4 52. g5 f3 53.
Kh3 Ke3 0-1